| 000 | 00599cam a22002171 4500 | ||
|---|---|---|---|
| 001 | med47003355 | ||
| 003 | DLC | ||
| 005 | 20260227111608.0 | ||
| 008 | 810725m19451945xx a 000 0 ita | ||
| 010 | _amed47003355 | ||
| 035 | _a(OCoLC)14743922 | ||
| 040 |
_aDLC _cDNLM _dDLC |
||
| 042 | _apremarc | ||
| 050 | 0 | 0 |
_aQP514 _b.R77 1945 |
| 060 | 0 |
_aQU 4 _bR771e 1945 |
|
| 100 | 1 |
_aRondoni, Pietro, _d1882- |
|
| 245 | 1 | 0 |
_aElementi di biochimica _b(chimica fisiologica e patologica) |
| 250 | _a5. ed. ... | ||
| 260 |
_aTorino, _bUnione tipografico-editrice torinese, _c1945. |
||
| 300 |
_a2 v. _bill. |
||
| 999 |
_c38773 _d38773 |
||